[Event "2BLO 1819 SK Passau - Nickelhütte Aue"]
[Site "?"]
[Date "2018.12.16"]
[Round "4.8"]
[White "Linhart, Wolfgang"]
[Black "Wichmann, Cliff"]
[Result "1/2-1/2"]
[WhiteElo "2154"]
[BlackElo "2266"]
[PlyCount "42"]
[EventDate "2018.??.??"]

1. d4 d5 2. Nf3 Nf6 3. e3 c5 4. c3 Nc6 5. Bd3 Bg4 6. Nbd2 e6 7. h3 Bh5 8. O-O
Bd6 9. dxc5 Bxc5 10. b4 Bd6 11. a3 O-O 12. Bb2 Rc8 13. Be2 Bb8 14. Rc1 Qc7 15.
g3 Rfd8 16. c4 dxc4 17. Rxc4 Qe7 18. Nd4 Bxe2 19. Qxe2 Ne5 20. Rcc1 Qd7 21.
N2f3 Nxf3+ 1/2-1/2

[Event "2BLO 1819 SC NT Nürnberg - TSV Bindlac"]
[Site "?"]
[Date "2018.12.16"]
[Round "4.1"]
[White "Kriebel, Tadeas"]
[Black "Maximov, Dmitry"]
[Result "1/2-1/2"]
[WhiteElo "2517"]
[BlackElo "2480"]
[PlyCount "112"]
[EventDate "2018.??.??"]

1. e4 c5 2. Nf3 Nc6 3. d4 cxd4 4. Nxd4 g6 5. Nc3 Bg7 6. Be3 Nf6 7. Bc4 O-O 8.
Bb3 d6 9. f3 Na5 10. Qd2 Bd7 11. h4 h5 12. O-O-O Rb8 13. Nde2 b5 14. Kb1 Nc4
15. Bxc4 bxc4 16. Ka1 Rb7 17. Bd4 e5 18. Be3 Qb8 19. Rb1 d5 20. exd5 e4 21. Bf4
e3 22. Qxe3 Qd8 23. Nd4 Re8 24. Qd2 Qb6 25. Rhd1 Qc5 26. Nde2 Rb6 27. Qd4 Qb4
28. a3 Ra6 29. Na2 Qa4 30. Nec3 Qxc2 31. Nb4 Rxa3+ 32. bxa3 Qxg2 33. Be5 Rxe5
34. Qxe5 Bf5 35. Rg1 Qf2 36. Rbf1 Qc5 37. Ka2 Nd7 38. Qe8+ Kh7 39. Ne4 Qd4 40.
Ng5+ Kh6 41. Nxf7+ Kh7 42. Qe2 a5 43. Ng5+ Kh8 44. Nc6 Qc5 45. Rb1 Bd3 46. Ne4
Qxd5 47. Ne7 Qe6 48. Nxg6+ Kg8 49. Nf6+ Qxf6 50. Qe8+ Kh7 51. Ne7 Bxb1+ 52.
Rxb1 Qe5 53. Qg6+ Kh8 54. Qe8+ Kh7 55. Qg6+ Kh8 56. Qe8+ Kh7 1/2-1/2

[Event "2BLO 1819 SC NT Nürnberg - TSV Bindlac"]
[Site "?"]
[Date "2018.12.16"]
[Round "4.2"]
[White "Milov, Leonid"]
[Black "Petr, Martin"]
[Result "1/2-1/2"]
[WhiteElo "2463"]
[BlackElo "2448"]
[PlyCount "52"]
[EventDate "2018.??.??"]

1. e4 e6 2. d4 d5 3. Nc3 Bb4 4. Nge2 dxe4 5. a3 Bxc3+ 6. Nxc3 Nc6 7. d5 exd5 8.
Qxd5 Be6 9. Qxe4 Nf6 10. Qh4 Bf5 11. Bb5 O-O 12. O-O Bxc2 13. Bxc6 bxc6 14. Bg5
h6 15. Bxf6 Qxf6 16. Qxf6 gxf6 17. Rac1 Bd3 18. Rfd1 Rfd8 19. f3 Rd6 20. Re1
Rb8 21. b4 a5 22. Ne4 Bxe4 23. Rxe4 axb4 24. axb4 f5 25. Rec4 Rb6 26. R1c2 Kg7
1/2-1/2

[Event "2BLO 1819 SC NT Nürnberg - TSV Bindlac"]
[Site "?"]
[Date "2018.12.16"]
[Round "4.3"]
[White "Cech, Pavel"]
[Black "Yelisieiev, Yevhenii"]
[Result "1-0"]
[WhiteElo "2327"]
[BlackElo "2389"]
[PlyCount "119"]
[EventDate "2018.??.??"]

1. d4 d5 2. c4 e6 3. Nc3 Bb4 4. Nf3 Nf6 5. e3 O-O 6. Bd3 c5 7. O-O dxc4 8. Bxc4
Nc6 9. a3 Bxc3 10. bxc3 Qc7 11. Bb2 e5 12. h3 e4 13. Nd2 Na5 14. Ba2 c4 15. f3
Bxh3 16. Nxe4 Nxe4 17. fxe4 Rae8 18. Qf3 Bd7 19. a4 Bc6 20. d5 Bxa4 21. Ba3 Bc2
22. Bxf8 Rxf8 23. Bb1 Bxb1 24. Raxb1 Nb3 25. Rbd1 a5 26. d6 Qd7 27. e5 Nc5 28.
Qd5 Nd3 29. Qxc4 Nxe5 30. Qc7 Rc8 31. Qxa5 f6 32. Qd5+ Kh8 33. Rb1 Nc6 34. c4
Re8 35. c5 Re5 36. Qa2 h6 37. Qa8+ Nd8 38. Rxb7 Qxb7 39. Qxd8+ Kh7 40. Qb6 Qd5
41. Qb1+ Kh8 42. Qb8+ Kh7 43. Qb1+ Kh8 44. Qd1 Qxc5 45. d7 Qxe3+ 46. Kh1 Re8
47. dxe8=Q+ Qxe8 48. Re1 Qb5 49. Qf3 Qa4 50. Qh5 Kh7 51. Qf5+ Kh8 52. Rc1 Qh4+
53. Kg1 Qd4+ 54. Kf1 Kg8 55. Rc8+ Kf7 56. Qh5+ g6 57. Rc7+ Ke6 58. Qe2+ Qe5 59.
Qc4+ Kf5 60. Rc5 1-0

[Event "2BLO 1819 SC NT Nürnberg - TSV Bindlac"]
[Site "?"]
[Date "2018.12.16"]
[Round "4.4"]
[White "Mischustov, Michael"]
[Black "Wall, Gavin"]
[Result "1/2-1/2"]
[WhiteElo "2329"]
[BlackElo "2335"]
[PlyCount "46"]
[EventDate "2018.??.??"]

1. e4 e5 2. Nf3 d6 3. d4 exd4 4. Nxd4 Nf6 5. Nc3 Be7 6. Bd3 O-O 7. O-O Nc6 8.
Nxc6 bxc6 9. Re1 Rb8 10. Rb1 Ng4 11. Be2 Bf6 12. Bxg4 Bxc3 13. Re3 Bxg4 14.
Qxg4 Bd4 15. Re2 Re8 16. b3 Re6 17. Bg5 Qe8 18. Rd1 c5 19. Bd2 Qc6 20. c3 Bf6
21. c4 Bd4 22. Qf3 Rbe8 23. Rde1 g6 1/2-1/2

[Event "2BLO 1819 SC NT Nürnberg - TSV Bindlac"]
[Site "?"]
[Date "2018.12.16"]
[Round "4.5"]
[White "Krensing, Jan"]
[Black "Kirchner, Thomas"]
[Result "1-0"]
[WhiteElo "2356"]
[BlackElo "2334"]
[PlyCount "55"]
[EventDate "2018.??.??"]

1. d4 Nf6 2. c4 d6 3. Nf3 g6 4. g3 Bg7 5. Bg2 O-O 6. O-O Nc6 7. Nc3 a6 8. b3
Rb8 9. Nd5 b5 10. Nxf6+ Bxf6 11. Bh6 Re8 12. Rc1 bxc4 13. Rxc4 Bd7 14. Qd2 e5
15. dxe5 Nxe5 16. Nxe5 Rxe5 17. Rfc1 Bb5 18. Rxc7 Rxe2 19. Qf4 Re5 20. h4 Rf5
21. Qd2 Be8 22. Bh3 Re5 23. Bf4 Kg7 24. Bxe5 Bxe5 25. Rc8 Rxc8 26. Rxc8 Qe7 27.
Qe3 Bb5 28. a4 1-0

[Event "2BLO 1819 SC NT Nürnberg - TSV Bindlac"]
[Site "?"]
[Date "2018.12.16"]
[Round "4.6"]
[White "Promyshlyanskiy, Vitaliy"]
[Black "Wetscherek, Andreas"]
[Result "1-0"]
[WhiteElo "2273"]
[BlackElo "2337"]
[PlyCount "127"]
[EventDate "2018.??.??"]

1. e4 e5 2. Nf3 Nc6 3. Bb5 a6 4. Ba4 Nf6 5. Qe2 Be7 6. O-O b5 7. Bb3 d6 8. c3
O-O 9. Rd1 Na5 10. Bc2 c5 11. d4 Qc7 12. d5 c4 13. b4 cxb3 14. axb3 Ne8 15. Bd2
f5 16. Be1 fxe4 17. Nfd2 Nf6 18. Nxe4 Nxe4 19. Qxe4 Bf5 20. Qe2 Bxc2 21. Qxc2
Nb7 22. b4 a5 23. Na3 axb4 24. cxb4 Qxc2 25. Nxc2 Rfb8 26. Rxa8 Rxa8 27. Ra1
Ra4 28. Bc3 Bf6 29. Kf1 Kf7 30. Ke2 e4 31. Nd4 Rxa1 32. Bxa1 Bxd4 33. Bxd4 Kg6
34. Ke3 Nd8 35. Kxe4 Nf7 36. f4 Nh6 37. h3 Nf5 38. Bf2 Ne7 39. g4 Kf7 40. f5
Nc8 41. Bd4 Ne7 42. h4 Nc8 43. g5 g6 44. h5 Ne7 45. fxg6+ hxg6 46. h6 Kg8 47.
Be3 Nf5 48. Bf4 Kf7 49. Bh2 Kf8 50. Be5 dxe5 51. Kxe5 Ke7 52. h7 Nd6 53. h8=N
Nc4+ 54. Kd4 Nd2 55. Kc5 Ne4+ 56. Kb6 Nxg5 57. Nxg6+ Kf6 58. Nf8 Ke7 59. Ne6
Nf7 60. Nd4 Ne5 61. Kc7 Nc4 62. Nxb5 Ne3 63. d6+ Ke6 64. Nc3 1-0

[Event "2BLO 1819 SC NT Nürnberg - TSV Bindlac"]
[Site "?"]
[Date "2018.12.16"]
[Round "4.7"]
[White "Kukel, Imre"]
[Black "Walter, Florian"]
[Result "1-0"]
[WhiteElo "2273"]
[BlackElo "2236"]
[PlyCount "59"]
[EventDate "2018.??.??"]

1. e4 c5 2. Nf3 g6 3. c3 Bg7 4. Be2 Nc6 5. O-O Nf6 6. e5 Nd5 7. d4 cxd4 8. cxd4
d6 9. exd6 Qxd6 10. Nc3 Nxc3 11. bxc3 O-O 12. a4 Rd8 13. Ba3 Qc7 14. Rc1 Bh6
15. h3 Bxc1 16. Qxc1 Be6 17. Rd1 Na5 18. Qh6 f6 19. Nh4 Bf7 20. Rd3 e5 21. Rg3
Rd7 22. Bg4 exd4 23. cxd4 Rd5 24. Nf5 Rxf5 25. Bxf5 Rd8 26. h4 Nc4 27. h5 Nxa3
28. hxg6 Bxg6 29. Bxg6 Kh8 30. Bxh7 1-0

[Event "2BLO 1819 SC NT Nürnberg - TSV Bindlac"]
[Site "?"]
[Date "2018.12.16"]
[Round "4.8"]
[White "Hoffmann, Sebastian"]
[Black "Loew, Gerald"]
[Result "1-0"]
[WhiteElo "2064"]
[BlackElo "2147"]
[PlyCount "73"]
[EventDate "2018.??.??"]

1. e4 d6 2. d4 Nf6 3. Nc3 e5 4. dxe5 dxe5 5. Qxd8+ Kxd8 6. Bg5 Be6 7. O-O-O+
Nbd7 8. f4 exf4 9. Nf3 Kc8 10. Bxf4 Bc5 11. Bd3 h6 12. h3 Nh5 13. Bh2 Be3+ 14.
Kb1 Bf4 15. Bxf4 Nxf4 16. Nd4 Ne5 17. Rhf1 g5 18. Nxe6 fxe6 19. g3 Nfg6 20. Rf6
Nf8 21. Nb5 a6 22. Nd4 c5 23. Nxe6 Ned7 24. Bc4 b5 25. Rxf8+ Rxf8 26. Nxf8 Nxf8
27. Rf1 Kc7 28. Rf7+ Kb6 29. Bd5 Rd8 30. Rf6+ Ka5 31. Rxh6 Nd7 32. Bc6 Rf8 33.
b4+ Kxb4 34. Bxd7 Kc3 35. Bf5 Rd8 36. Bg4 Rd2 37. Rf6 1-0

[Event "2BLO 1819 SK König Plauen - Erfurter S"]
[Site "?"]
[Date "2018.12.16"]
[Round "4.2"]
[White "Sandner, Gunter"]
[Black "Votava, Jan"]
[Result "1-0"]
[WhiteElo "2257"]
[BlackElo "2531"]
[PlyCount "75"]
[EventDate "2018.??.??"]

1. d4 Nf6 2. Nf3 g6 3. g3 Bg7 4. Bg2 O-O 5. O-O d5 6. c4 dxc4 7. Na3 c3 8. bxc3
c5 9. Nc4 Be6 10. Ncd2 Nc6 11. e3 Rc8 12. Qe2 Qa5 13. Bb2 cxd4 14. cxd4 Qa4 15.
e4 Bxa2 16. e5 Nd5 17. e6 f6 18. Nh4 Ncb4 19. Be4 f5 20. Bb1 Rc6 21. Qf3 Rd8
22. Nxf5 gxf5 23. Qxf5 Nf6 24. Ne4 Bxb1 25. Rxa4 Bxe4 26. Qa5 b6 27. Qxb4 Nd5
28. Qb5 Rxe6 29. f3 Bf5 30. g4 Bg6 31. Rxa7 Nf4 32. Rd7 Rf8 33. d5 Bd3 34. Qxd3
Nxd3 35. Bxg7 Kxg7 36. dxe6 Ne5 37. Rxe7+ Kf6 38. Rb7 1-0

[Event "2BLO 1819 SK König Plauen - Erfurter S"]
[Site "?"]
[Date "2018.12.16"]
[Round "4.3"]
[White "Enders, Peter"]
[Black "Kunze, Carlo"]
[Result "1-0"]
[WhiteElo "2435"]
[BlackElo "2258"]
[PlyCount "43"]
[EventDate "2018.??.??"]

1. b3 e5 2. Bb2 Nc6 3. e3 Nf6 4. Nf3 e4 5. Nd4 Nxd4 6. Bxd4 d5 7. c4 dxc4 8.
Bxc4 Be7 9. Nc3 O-O 10. O-O Bf5 11. f3 Bg6 12. Nxe4 Nxe4 13. fxe4 Bxe4 14. Qg4
Bg6 15. Rf5 Qc8 16. Raf1 Bf6 17. Bxf6 gxf6 18. Qg3 Kh8 19. Rxf6 Qe8 20. Qxc7
Rc8 21. Qf4 b5 22. Bxf7 1-0

[Event "2BLO 1819 SK König Plauen - Erfurter S"]
[Site "?"]
[Date "2018.12.16"]
[Round "4.4"]
[White "Pfretzschner, Roland"]
[Black "Haba, Petr"]
[Result "0-1"]
[WhiteElo "2245"]
[BlackElo "2445"]
[PlyCount "87"]
[EventDate "2018.??.??"]

1. e4 c5 2. Nf3 e6 3. Nc3 Nc6 4. Bb5 Nge7 5. O-O a6 6. Bxc6 Nxc6 7. d4 cxd4 8.
Nxd4 Be7 9. Re1 O-O 10. Nxc6 dxc6 11. e5 f5 12. Qxd8 Rxd8 13. Be3 b5 14. Rad1
Rxd1 15. Rxd1 Kf7 16. Bb6 Ke8 17. Ne2 Rb8 18. Bc7 Rb7 19. Bd6 Bxd6 20. Rxd6 Rd7
21. Rxd7 Kxd7 22. Nf4 c5 23. Nh5 Kc6 24. f4 Kd5 25. Kf2 Ke4 26. g3 b4 27. Nxg7
c4 28. Ne8 Kd4 29. Nf6 h6 30. h3 a5 31. g4 fxg4 32. hxg4 a4 33. b3 cxb3 34.
cxb3 a3 35. g5 hxg5 36. fxg5 Kxe5 37. Ng8 Bb7 38. g6 Kf5 39. g7 Kg6 40. Nf6
Kxg7 41. Ne8+ Kf8 42. Nc7 Ke7 43. Ke3 e5 44. Nb5 0-1

[Event "2BLO 1819 SK König Plauen - Erfurter S"]
[Site "?"]
[Date "2018.12.16"]
[Round "4.5"]
[White "Mueller, Matthias"]
[Black "Hoerr, Matthias"]
[Result "1-0"]
[WhiteElo "2387"]
[BlackElo "2174"]
[PlyCount "59"]
[EventDate "2018.??.??"]

1. e4 c5 2. Nf3 e6 3. d4 cxd4 4. Nxd4 Nc6 5. Nc3 Qc7 6. Be3 a6 7. Bd3 Nf6 8.
O-O b5 9. Nxc6 Qxc6 10. Be2 b4 11. e5 bxc3 12. exf6 cxb2 13. Rb1 gxf6 14. Rxb2
Rg8 15. Bf3 d5 16. Qd3 a5 17. c4 Ba6 18. Qxh7 Rg7 19. Qb1 Bxc4 20. Rb8+ Kd7 21.
Rb6 Qc8 22. Rc1 Bd6 23. Be2 Bxh2+ 24. Kf1 Bxe2+ 25. Kxe2 Bc7 26. Qb5+ Kd8 27.
Rbc6 Rb8 28. Qc5 Rg8 29. Rxc7 Rb2+ 30. Kf3 1-0

[Event "2BLO 1819 SK König Plauen - Erfurter S"]
[Site "?"]
[Date "2018.12.16"]
[Round "4.6"]
[White "Zaehringer, Daniel"]
[Black "Machelett, Heiko"]
[Result "1/2-1/2"]
[WhiteElo "2142"]
[BlackElo "2380"]
[PlyCount "57"]
[EventDate "2018.??.??"]

1. d4 g6 2. c4 Bg7 3. Nc3 d6 4. e4 Nf6 5. f3 Nc6 6. Be3 a6 7. Qd2 Rb8 8. Rc1 e6
9. Nge2 Bd7 10. Nd1 O-O 11. g3 b6 12. Bg2 Qc8 13. O-O e5 14. d5 Ne7 15. Nf2 a5
16. b3 Ne8 17. a3 Qa6 18. b4 axb4 19. axb4 Ra8 20. Qc3 Nf6 21. Ra1 Qb7 22. Rfd1
Rxa1 23. Rxa1 Ra8 24. Ra3 Rxa3 25. Qxa3 Ne8 26. Nc3 Bf8 27. c5 bxc5 28. bxc5 c6
29. Bf1 {(=)} 1/2-1/2

[Event "2BLO 1819 SK König Plauen - Erfurter S"]
[Site "?"]
[Date "2018.12.16"]
[Round "4.7"]
[White "Troyke, Christian"]
[Black "Burian, Simon"]
[Result "1/2-1/2"]
[WhiteElo "2347"]
[BlackElo "2129"]
[PlyCount "60"]
[EventDate "2018.??.??"]

1. g3 e5 2. c4 Nf6 3. Bg2 d5 4. cxd5 Nxd5 5. Nc3 Nb6 6. Nf3 Nc6 7. O-O Be7 8.
b3 O-O 9. Bb2 Re8 10. d3 f5 11. Rc1 Bf6 12. Nd2 Nd4 13. Nc4 c6 14. e3 Ne6 15.
Qc2 Nxc4 16. bxc4 Qe7 17. f4 Qc5 18. Qf2 exf4 19. gxf4 Nc7 20. d4 Qe7 21. e4
Bh4 22. Qd2 fxe4 23. Nxe4 Bf5 24. Ng3 Bxg3 25. hxg3 Qe3+ 26. Qxe3 Rxe3 27. Kf2
Rae8 28. Rfe1 Rxe1 29. Rxe1 Rxe1 30. Kxe1 Bd3 1/2-1/2

[Event "2BLO 1819 SK König Plauen - Erfurter S"]
[Site "?"]
[Date "2018.12.16"]
[Round "4.8"]
[White "Linnert, Niklas"]
[Black "Myshkin, Nikita"]
[Result "0-1"]
[WhiteElo "1939"]
[BlackElo "2291"]
[PlyCount "92"]
[EventDate "2018.??.??"]

1. e4 e5 2. Nf3 Nc6 3. Bb5 Nf6 4. O-O Nxe4 5. Re1 Nd6 6. Bxc6 dxc6 7. Nxe5 Be7
8. d4 O-O 9. Bf4 a5 10. Nd2 Bf5 11. c3 f6 12. Nef3 Qd7 13. Nf1 a4 14. Ng3 Bg6
15. Nh4 Bf7 16. Bxd6 Bxd6 17. Nhf5 Bxg3 18. Nxg3 a3 19. b3 Ra5 20. Qf3 b6 21.
Re3 Re8 22. Rae1 Rxe3 23. Qxe3 h5 24. Ne2 Ra8 25. Nf4 Re8 26. Qd2 Rxe1+ 27.
Qxe1 Qf5 28. Ne2 Bxb3 29. Nc1 Bf7 30. h3 Qc2 31. Kh2 h4 32. Qe3 Kf8 33. c4 Qb2
34. c5 Bxa2 35. cxb6 cxb6 36. Nxa2 Qxa2 37. Qf4 Qd5 38. Qb8+ Kf7 39. Qxb6 a2
40. Qa7+ Kg6 41. Qa8 Kf5 42. Qa3 c5 43. Qa5 Ke6 44. f4 cxd4 45. f5+ Ke5 46. Qa4
Kxf5 0-1

[Event "2BLO 1819 SK Weilheim - Münchner SC 18"]
[Site "?"]
[Date "2018.12.16"]
[Round "4.1"]
[White "Schnider, Gert"]
[Black "Lehner, Oliver"]
[Result "1/2-1/2"]
[WhiteElo "2425"]
[BlackElo "2399"]
[PlyCount "81"]
[EventDate "2018.??.??"]

1. e4 c5 2. Nf3 g6 3. d4 cxd4 4. Qxd4 Nf6 5. Nc3 Nc6 6. Qa4 Ng4 7. h3 Nge5 8.
Nxe5 Nxe5 9. Be3 Bg7 10. Nd5 Nc6 11. Bb6 axb6 12. Qxa8 Bxb2 13. Rb1 Bd4 14. c3
Bc5 15. Bb5 O-O 16. O-O e6 17. Nb4 Ne5 18. Nd3 Nxd3 19. Bxd3 e5 20. Qa4 d6 21.
Qd1 Qh4 22. Qf3 f5 23. exf5 gxf5 24. Kh2 Kh8 25. Qg3 Qa4 26. f4 e4 27. Bb5 Qxa2
28. Ra1 Qf7 29. Ra8 d5 30. Rd1 Rg8 31. Qh4 Qg7 32. Rd2 e3 33. Rc2 Bd6 34. Bd3
Rf8 35. Kh1 Be6 36. Rxf8+ Qxf8 37. Ra2 Be7 38. Qg3 d4 39. Rc2 Qd8 40. Qe1 Bf6
41. cxd4 1/2-1/2

[Event "2BLO 1819 SK Weilheim - Münchner SC 18"]
[Site "?"]
[Date "2018.12.16"]
[Round "4.2"]
[White "Bayer, Bernhard"]
[Black "Berchtenbreiter, Maximilian"]
[Result "1-0"]
[WhiteElo "2404"]
[BlackElo "2444"]
[PlyCount "77"]
[EventDate "2018.??.??"]

1. Nf3 g6 2. e4 c6 3. d4 d5 4. Nbd2 dxe4 5. Nxe4 Nf6 6. Nxf6+ exf6 7. Bc4 Bg7
8. Qe2+ Qe7 9. Qxe7+ Kxe7 10. O-O Be6 11. Re1 Rd8 12. b3 a5 13. Ba3+ Kd7 14.
Nd2 b5 15. d5 Bxd5 16. Bxd5 cxd5 17. Re7+ Kc6 18. Rxf7 Rd7 19. Be7 Bh8 20. Rxh7
Na6 21. Re1 Nc7 22. Nf3 Kb7 23. Rh6 d4 24. Bc5 d3 25. cxd3 Nd5 26. d4 g5 27. g3
a4 28. bxa4 bxa4 29. Rb1+ Kc7 30. Rc1 Kb7 31. h4 g4 32. Nd2 Bg7 33. Rg6 f5 34.
Nc4 Bf8 35. Ne5 Bxc5 36. Rxc5 Rdd8 37. Rg7+ Ka6 38. Nc4 Rac8 39. Ra5# 1-0

[Event "2BLO 1819 SK Weilheim - Münchner SC 18"]
[Site "?"]
[Date "2018.12.16"]
[Round "4.3"]
[White "Lapcevic, Milos"]
[Black "Guttenthaler, Franz"]
[Result "1-0"]
[WhiteElo "2388"]
[BlackElo "2339"]
[PlyCount "63"]
[EventDate "2018.??.??"]

1. d4 e6 2. c4 Bb4+ 3. Nd2 c5 4. e3 cxd4 5. exd4 Nf6 6. Ngf3 O-O 7. Bd3 b6 8.
a3 Be7 9. O-O d5 10. b3 Bb7 11. Qe2 Nc6 12. Bb2 Rc8 13. Rac1 dxc4 14. bxc4 Rc7
15. Rfd1 Re8 16. Bb1 g6 17. Qe3 Qc8 18. Re1 Rd8 19. Ba2 Re8 20. d5 Ng4 21. Qe4
f5 22. Qxe6+ Qxe6 23. Rxe6 Nd8 24. Re2 Kf8 25. Rce1 Nf7 26. h3 Ngh6 27. Nd4 Bc8
28. Nb5 Rd7 29. Nf3 a6 30. Nbd4 Rd6 31. a4 Ng8 32. Nc6 1-0

[Event "2BLO 1819 SK Weilheim - Münchner SC 18"]
[Site "?"]
[Date "2018.12.16"]
[Round "4.4"]
[White "Deglmann, Ludwig"]
[Black "Schimpf, Markus"]
[Result "1/2-1/2"]
[WhiteElo "2271"]
[BlackElo "2292"]
[PlyCount "90"]
[EventDate "2018.??.??"]

1. c4 g6 2. g3 c5 3. Bg2 Bg7 4. Nc3 Nc6 5. a3 d6 6. Rb1 Bf5 7. d3 h5 8. h3 Qd7
9. e4 Be6 10. f4 f5 11. Nd5 Nd4 12. Nf3 Nxf3+ 13. Qxf3 Bf7 14. Bd2 e6 15. Nc3
Rb8 16. b4 cxb4 17. axb4 Ne7 18. b5 e5 19. O-O O-O 20. Nd5 Nxd5 21. exd5 Ra8
22. Qf2 b6 23. Bc3 Rac8 24. Ra1 Rfe8 25. Ra2 Rc7 26. Qb2 Re7 27. Re1 Qe8 28.
Raa1 Kh8 29. Qb4 exf4 30. Bxg7+ Kxg7 31. gxf4 h4 32. Kf1 Rxe1+ 33. Rxe1 Re7 34.
Ra1 Re2 35. Qc3+ Kg8 36. Bf3 Re3 37. Kf2 g5 38. fxg5 f4 39. g6 Rxf3+ 40. Kxf3
Qe3+ 41. Kg4 Qg3+ 42. Kf5 Qxg6+ 43. Kxf4 Qg3+ 44. Kf5 Qg6+ 45. Kf4 Qg3+ 1/2-1/2

[Event "2BLO 1819 SK Weilheim - Münchner SC 18"]
[Site "?"]
[Date "2018.12.16"]
[Round "4.5"]
[White "Haasler, Andreas"]
[Black "de Francesco, Klaus"]
[Result "1/2-1/2"]
[WhiteElo "2255"]
[BlackElo "2253"]
[PlyCount "21"]
[EventDate "2018.??.??"]

1. e4 e6 2. d4 d5 3. exd5 exd5 4. Nf3 Nf6 5. Bd3 Bd6 6. O-O O-O 7. Bg5 Nbd7 8.
Nbd2 c6 9. c3 Qc7 10. Qc2 h6 11. Bh4 {(=)} 1/2-1/2

[Event "2BLO 1819 SK Weilheim - Münchner SC 18"]
[Site "?"]
[Date "2018.12.16"]
[Round "4.6"]
[White "Lochte, Thomas"]
[Black "Ciolek, Andreas"]
[Result "0-1"]
[WhiteElo "2107"]
[BlackElo "2292"]
[PlyCount "76"]
[EventDate "2018.??.??"]

1. e4 c5 2. d4 cxd4 3. c3 Nf6 4. e5 Nd5 5. Qxd4 e6 6. Nf3 Nc6 7. Qe4 f5 8. exf6
Nxf6 9. Qh4 e5 10. Be2 e4 11. Ng5 d5 12. O-O Be7 13. c4 d4 14. Nxe4 O-O 15.
Nxf6+ Bxf6 16. Qe4 Re8 17. Qf3 d3 18. Bd1 Ne5 19. Qe4 Bd7 20. Nc3 Bc6 21. Nd5
b5 22. Bb3 bxc4 23. Bxc4 Kh8 24. Bb3 a5 25. a3 a4 26. Ba2 Ra5 27. Bd2 Rxd5 28.
Bxd5 Qxd5 29. Qxd5 Bxd5 30. Rfe1 Rd8 31. Ba5 Ra8 32. Bc3 Nc4 33. Rad1 Bxc3 34.
bxc3 d2 35. Re7 Rd8 36. f3 h6 37. Kf2 Bg8 38. Ke2 Bh7 0-1

[Event "2BLO 1819 SK Weilheim - Münchner SC 18"]
[Site "?"]
[Date "2018.12.16"]
[Round "4.7"]
[White "Rendle, Thomas E"]
[Black "Fuchs, Georg"]
[Result "1-0"]
[WhiteElo "2371"]
[BlackElo "2215"]
[PlyCount "39"]
[EventDate "2018.??.??"]

1. e4 e5 2. Nf3 Nf6 3. d4 Nxe4 4. Bd3 d5 5. Nxe5 Bd6 6. Nc3 Nf6 7. Bg5 c6 8.
O-O h6 9. Bh4 O-O 10. f4 Nbd7 11. Kh1 Kh8 12. g4 Be7 13. g5 Ng8 14. Nxf7+ Rxf7
15. Qh5 g6 16. Bxg6 Rg7 17. gxh6 Rxg6 18. Qxg6 Qf8 19. Rae1 Nb6 20. h7 1-0

[Event "2BLO 1819 SK Weilheim - Münchner SC 18"]
[Site "?"]
[Date "2018.12.16"]
[Round "4.8"]
[White "Wiesinger, Robert"]
[Black "Alvir, Aco"]
[Result "1-0"]
[WhiteElo "2235"]
[BlackElo "2328"]
[PlyCount "107"]
[EventDate "2018.??.??"]

1. e4 e5 2. Nf3 Nf6 3. Nc3 Bb4 4. Nxe5 O-O 5. Nd3 Bxc3 6. dxc3 Nxe4 7. Be2 d6
8. O-O Nc6 9. f3 Nf6 10. Nf4 Re8 11. Re1 Bd7 12. Bd2 Ne5 13. c4 c5 14. Bc3 Bc6
15. Qd2 Qc7 16. Rad1 Rad8 17. Nd5 Bxd5 18. cxd5 a6 19. Bf1 Ned7 20. a4 Rxe1 21.
Rxe1 Re8 22. Rxe8+ Nxe8 23. Bd3 Ndf6 24. Be4 Qd7 25. a5 Nxe4 26. fxe4 f6 27. b3
Nc7 28. Bb2 Qb5 29. h3 c4 30. Qc3 Qc5+ 31. Kf1 cxb3 32. Qxc5 dxc5 33. cxb3 Kf7
34. Ke2 Ke7 35. Kd3 Kd6 36. Kc4 Na8 37. g4 b5+ 38. axb6 Nxb6+ 39. Kd3 Nd7 40.
Bc3 g6 41. Be1 Ne5+ 42. Ke3 Kd7 43. Bg3 Nf7 44. Bf4 Kc8 45. Kd3 Kd7 46. Kc4
Nd6+ 47. Bxd6 Kxd6 48. g5 fxg5 49. e5+ Kd7 50. Kxc5 h5 51. e6+ Ke8 52. d6 g4
53. hxg4 h4 54. d7+ 1-0

[Event "2BLO 1819 SC Garching - FC Bayern Münc"]
[Site "?"]
[Date "2018.12.16"]
[Round "4.1"]
[White "Studer, Noel"]
[Black "Stocek, Jiri"]
[Result "0-1"]
[WhiteElo "2494"]
[BlackElo "2576"]
[PlyCount "64"]
[EventDate "2018.??.??"]

1. d4 Nf6 2. c4 e6 3. Nf3 b6 4. g3 Bb7 5. Bg2 Be7 6. O-O O-O 7. Re1 Na6 8. a3
Qc8 9. b4 c5 10. dxc5 bxc5 11. b5 Nc7 12. a4 d5 13. Nbd2 Rd8 14. Qb3 Rb8 15.
Ba3 Na8 16. Rec1 a6 17. Rab1 Nb6 18. Ne5 axb5 19. Qxb5 Nbd7 20. Nxd7 Nxd7 21.
Qb3 Bc6 22. Qa2 Rxb1 23. Rxb1 dxc4 24. Qxc4 Ne5 25. Qc2 h6 26. Bxc6 Nxc6 27.
Nb3 c4 28. Nc5 Rd5 29. e4 Nd4 30. Qb2 c3 31. Qb8 Rd8 32. Nxe6 Qxe6 0-1

[Event "2BLO 1819 SC Garching - FC Bayern Münc"]
[Site "?"]
[Date "2018.12.16"]
[Round "4.2"]
[White "Hess, Max"]
[Black "Fedorovsky, Michael"]
[Result "1/2-1/2"]
[WhiteElo "2318"]
[BlackElo "2463"]
[PlyCount "92"]
[EventDate "2018.??.??"]

1. e4 c5 2. Nf3 Nc6 3. Bb5 g6 4. Bxc6 bxc6 5. O-O Bg7 6. Re1 Nh6 7. c3 O-O 8.
h3 d6 9. d4 cxd4 10. cxd4 f6 11. Nc3 Rb8 12. b3 Nf7 13. Be3 Qa5 14. Rc1 Bd7 15.
Nd2 Qa6 16. h4 f5 17. h5 g5 18. exf5 Bxf5 19. h6 Bxh6 20. Nde4 Rbe8 21. Qh5 Bg6
22. Qg4 Qc8 23. Qe2 d5 24. Ng3 Qd8 25. Na4 e5 26. Qa6 exd4 27. Bxd4 g4 28. Rcd1
Rxe1+ 29. Rxe1 Re8 30. Rxe8+ Qxe8 31. Qxa7 Nd6 32. Nc3 Bf8 33. Be3 h5 34. Nge2
Nf5 35. Bd2 Bg7 36. Nf4 Bd4 37. Qa6 g3 38. Nd1 Bf7 39. Qd3 Qe5 40. Qf3 Qe4 41.
Qxe4 gxf2+ 42. Nxf2 dxe4 43. Be1 Ng3 44. Kh2 Nf1+ 45. Kg1 Ng3 46. Kh2 Nf1+
1/2-1/2

[Event "2BLO 1819 SC Garching - FC Bayern Münc"]
[Site "?"]
[Date "2018.12.16"]
[Round "4.3"]
[White "Johansson, Linus"]
[Black "Renner, Christoph"]
[Result "1-0"]
[WhiteElo "2470"]
[BlackElo "2341"]
[PlyCount "59"]
[EventDate "2018.??.??"]

1. Nf3 f5 2. d3 d5 3. Nbd2 Nf6 4. c4 e6 5. g3 Be7 6. Bg2 O-O 7. O-O c5 8. cxd5
exd5 9. e4 fxe4 10. dxe4 Nc6 11. e5 Ng4 12. Re1 c4 13. Re2 Bc5 14. Nf1 Bf5 15.
h3 Nxf2 16. Rxf2 Bxf2+ 17. Kxf2 Nxe5 18. Kg1 Nd3 19. Be3 Nxb2 20. Qd4 Be4 21.
N1d2 Qf6 22. Nxe4 dxe4 23. Ng5 Qxd4 24. Bxd4 Na4 25. Re1 c3 26. Bxe4 h6 27.
Bd5+ Kh8 28. Re7 hxg5 29. Rxg7 c2 30. Rc7+ 1-0

[Event "2BLO 1819 SC Garching - FC Bayern Münc"]
[Site "?"]
[Date "2018.12.16"]
[Round "4.4"]
[White "Koepke, Christian"]
[Black "Schneider, Stefan"]
[Result "1-0"]
[WhiteElo "2332"]
[BlackElo "2369"]
[PlyCount "141"]
[EventDate "2018.??.??"]

1. e4 c6 2. d4 d5 3. exd5 cxd5 4. Bd3 Nc6 5. c3 Qc7 6. Ne2 Bg4 7. O-O e6 8. Qe1
Bxe2 9. Qxe2 Bd6 10. g3 Nf6 11. Nd2 O-O 12. Nf3 Rfe8 13. Bg5 Nd7 14. Rad1 a6
15. Be3 Nf6 16. Rde1 h6 17. Kg2 Rab8 18. Bc1 e5 19. dxe5 Nxe5 20. Nxe5 Bxe5 21.
Qf3 Qc6 22. Re2 Bc7 23. Rfe1 Rxe2 24. Rxe2 Rd8 25. Be3 Bb6 26. Bf4 Bc7 27. Be3
Bb6 28. Bf4 Bc7 29. Bxc7 Qxc7 30. Qe3 Qc6 31. Qd4 Re8 32. Kg1 Kf8 33. Qb4+ Kg8
34. Qd4 Re6 35. Re3 Rxe3 36. Qxe3 Qa4 37. a3 Qb3 38. Qd2 Kf8 39. Qc2 Qb6 40. b4
Qc6 41. c4 dxc4 42. Qxc4 Qb6 43. Be2 Ne8 44. Bf3 Nd6 45. Qc5 Qxc5 46. bxc5 Nb5
47. Bxb7 Nc7 48. f4 a5 49. Kf2 Ne6 50. Ke3 Nxc5 51. Bd5 Ke7 52. Kd4 Nd7 53. Bc6
Nf6 54. Kc5 g5 55. Kb5 gxf4 56. gxf4 Nh5 57. f5 Kd6 58. Be4 Nf6 59. Bc2 Ng4 60.
h3 Ne3 61. Bd3 Ke5 62. Kxa5 Nxf5 63. Bxf5 Kxf5 64. Kb4 Ke5 65. Kc3 f5 66. a4 f4
67. Kd3 Kd5 68. h4 Kc5 69. Ke4 Kb4 70. Kxf4 Kxa4 71. Kf5 1-0